000 00757nam a2200217Ia 4500
003 GCL
008 140319s9999 xx 000 0 ara d
040 _aGCL /
_cGCL
082 0 4 _aم
_b016.229
_bم ا
100 1 _aمصطفى الصاوى الجوينى
245 1 0 _aاعلام الدراسات القرانية00فى خمسة عشر قرنا /
_cمصطفى الصاوى الجوينى
260 _a[S.N] :
_bمكتبه النهضه المصريه ،
_c1982
300 _a381 ص
490 _aمنشورات كلية الاداب
_v0
650 0 4 _aالاسلام
650 0 4 _aالعلوم
650 0 4 _aالببليوجرافيات الموضوعية
650 0 4 _aالاعلام والرايات
650 0 4 _aالقران
942 _2ddc
_cREF
999 _c59536
_d59536